Všechny autobusové zastávky v Praze, které mají v názvu Sídliště - Statistics

General Stats
  • This quiz has been taken 42 times
  • The average score is 16 of 37
Answer Stats
Hint Answer % Correct
9, 10, 16, 98, 99, 164,180, 214,904, 952, 957 Sídliště Řepy
86%
10, 93, 103,183, 348,368, 369, 914 Sídliště Ďáblice
76%
4, 5, 12, 20, 94 Sídliště Barrandov
72%
3, 17, 21, 92, 274 Sídliště Modřany
72%
180, 306, 904, 952, 957 Sídliště Zličín
72%
223, 224 Sídliště Černý Most
66%
1, 2, 96, 108, 164, 168, 191,260, 280, 910 Sídliště Petřiny
66%
102, 200, 236, 905 Sídliště Bohnice
62%
17, 154, 215, 274 Sídliště Libuš
62%
22, 26, 97, 177 Sídliště Zahradní Město
62%
158, 166, 195, 201 Sídliště Letňany
59%
7, 12, 92, 94, 110, 141, 259 Sídliště Hloubětín
55%
152, 166, 177, 183, 911, 913 Sídliště Prosek
55%
133, 155, 177, 188, 195, 199,903, 908, 909 Sídliště Malešice
52%
136, 166, 275, 911 Sídliště Čakovice
45%
145, 152,169,202, 251, 905 Sídliště Čimice
45%
125, 154, 175, 183, 204, 224,226, 227, 270, 381, 382, 383, 387, 911, 959 Sídliště Petrovice
45%
20, 26, 91 Sídliště Červený Vrch
41%
204, 223, 224, 262 Sídliště Horní Počernice
41%
113, 189, 215, 333, 904, 960 Sídliště Krč
41%
117, 139, 150, 157,189, 197, 910 Sídliště Lhotka
41%
138 Sídliště Skalka
41%
134, 188, 193, 904 Sídliště Pankrác
38%
113, 197, 333, 904, 913, 960 Sídliště Písnice
38%
20, 26, 191, 225, 280, 910 Sídliště Na Dědině
34%
244, 2468, 419, 951 Sídliště Radotín
34%
139, 241, 261, 917 Sídliště Zbraslav
34%
106, 196, 197, 901 Sídliště Novodvorská
31%
131, 296 Sídliště Baba
28%
109, 110, 208, 224, 259, 909 Sídliště Jahodnice
24%
163, 211, 250, 262, 264, 391, 909 Sídliště Rohožník
24%
167 Sídliště Homolka
21%
110, 141, 259 Sídliště Lehovec
21%
229 Sídliště Uhříněves
21%
118, 135, 138 Sídliště Spořilov
17%
175 Sídliště Na Groši
10%
149, 904 Síldliště Jinonice
0%
No matching quizzes found
Score Distribution
Percent of People with Each Score
Percentile by Number Answered
Your Score History
You have not taken this quiz